000 00277nam a22001337a 4500
008 221005b ||||| |||| 00| 0 eng d
041 _aeng
080 _a61
082 _a61 HARR
100 _a4
101 _aMJEKSI
245 _aTHE RED CELL
_cHARRIS W.J
942 _2udc
_cBK
999 _c58350
_d58350